000 01353cam a22003617a 4500
003 CHAP
005 20220329140827.0
008 971013s1962 r 00010 d
010 _a58231
011 _a59203
035 _a63361
040 _cCHAP
082 _a581.13342
_bP7
100 0 0 _aPriestley, C. A.
_991601
245 0 _aCarbohydrate resources within the perennial plant
_b: their utilization and conservation
260 _aBucks :
_bCommonwealth Agricultural Bureaux,
_c1962
300 _a116 p.
490 0 _aCommonwealth Bureau of Horticulture and Plantation Crops. Technical comunication
_v; 27
590 _aBATCH-UPD
_b10
_c20130110
_lUCH01
_h0505
590 _aBATCH-UPD
_b10
_c20130110
_lUCH01
_h2255
590 _aBATCH-UPD
_b10
_c20130410
_lUCH01
_h0143
590 _aBATCH-UPD
_b10
_c20130914
_lUCH01
_h0843
590 _aCONVERSION
_b10
_c20130109
_lUCH01
_h1331
650 1 4 _aCarbohidratos
_xEfecto en plantas.
_918811
650 1 4 _aFotosíntesis.
_942737
650 1 4 _aPlantas
_xMetabolismo.
_988858
650 1 4 _aPlantas
_xNutrición.
_988874
710 0 _aCommonwealth Agricultural Bureaux.
_925960
830 0 _aCommonwealth Bureau of Horticulture and Plantation Crops. Technical comunication
_v; 27
_925982
901 _aBK
942 _cLIBRO
949 _a581.13342 P7
_bBC
_cLIBRO
_d33724000547667
_eLIBRO
_h12511
_i63361
_si
_t33.75
999 _c58231
_d58231